000 00581nam a2200217Ia 4500
003 GCL
008 140319s9999 xx 000 0 eng d
020 _a1857151577
040 _aGCL /
_cGCL
082 0 4 _a813
_bW M
100 1 _aWOOLF, VIRGINIA
245 1 0 _aMRS DALLOWAY /
_cWOOLF, VIRGINIA
700 1 _aFUSINI, NADIA
260 _aانجلترا :
_bEVERYMAN'S LIBRARY ،
_c1993
300 _a21 CM ؛
_cXXXII, 219 P
490 _aTHE MILLENNIUM LIBRARY
_v157
650 0 4 _aLITERATURE
650 0 4 _aAMERICAN FICTION
650 0 4 _aAMERICAN LITERATURE
942 _2ddc
_cBK
999 _c5778
_d5778